| 000 | 00624nam a2200193Ia 4500 | ||
|---|---|---|---|
| 003 | IIN | ||
| 005 | 20240205152430.0 | ||
| 008 | 231217s9999 xx 000 0 und d | ||
| 020 |
_cRs.280.00 _a9789354516474 (pbk) |
||
| 040 |
_aIIN _bEnglish |
||
| 082 |
_a616.9042 _bKOK |
||
| 100 | 1 | _aKokare, Chandrakant | |
| 245 | 2 |
_aA Textbook of Applied Microbiology and Infection Control Including Safety: _bfor B.Sc Nursing 3rd sem / _cChandrakant Kokare & Amruta Menkudale |
|
| 260 |
_aPune : _bNirali Prakashan, _c2023 |
||
| 300 | _a15.4p. | ||
| 650 | 1 | _aMicrobiology | |
| 650 | 1 | _aInfection Control, Microbiology | |
| 942 | _cBOOK | ||
| 999 |
_c1641 _d1641 |
||